| 000 | 00711nam a22002057a 4500 | ||
|---|---|---|---|
| 003 | BUBTL | ||
| 008 | 200726b xxu||||| |||| 00| 0 eng d | ||
| 020 | _a9843000009755 | ||
| 082 | _a336.24095492/ Sh621b/ 2017 | ||
| 100 |
_aShil, Nikhil Chandra _93301 |
||
| 245 |
_aBangladesh Income Tax :Theory and Practice / _bNikhil Chandra Shil , Mohammad Zakaria Masud and Mohammad Faridul Alam |
||
| 250 | _a11th | ||
| 260 |
_aDhaka _bShams Publications _cc2017 |
||
| 300 |
_a746p . : _bill . ; 24cm. |
||
| 650 |
_aAccouting _93302 |
||
| 700 |
_aNikhil Chandra Shil , Mohammad Zakaria Masud and Mohammad Faridul Alam _93303 |
||
| 856 |
_k0 _l0 _yDownload |
||
| 942 |
_2ddc _cBK |
||
| 999 |
_c6321 _d6321 |
||